[Event "ROM-ch U10 Boys"]
[Site "Voineasa"]
[Date "2008.04.16"]
[Round "7"]
[White "Olteanu, Sorin Gabriel"]
[Black "Roibu, Codrin"]
[Result "1/2-1/2"]
[WhiteElo "401"]
[BlackElo "416"]
[PlyCount "96"]
[EventDate "2008.04.08"]
[EventType "swiss"]
[EventRounds "9"]
[EventCountry "ROU"]
[SourceTitle "EXT 2013"]
[Source "ChessBase"]
[SourceDate "2012.11.22"]
[SourceVersion "1"]
[SourceVersionDate "2012.11.22"]
[SourceQuality "1"]

1. e4 e5 2. Nf3 Nc6 3. Bc4 Nf6 4. Ng5 Qe7 5. Bxf7+ Kd8 6. Nc3 h6 7. Nf3 Qxf7 8. d3 d6 9. Be3 Bg4 10. h3 Bxf3 11. Qxf3 Nb4 12. 0-0 Nxc2 13. Rac1 Nxe3 14. fxe3 g5 15. Nd5 Be7 16. Nxf6 Bxf6 17. Qxf6+ Qxf6 18. Rxf6 Ke7 19. Rf2 c5 20. Rd2 Rac8 21. b3 Rhd8 22. d4 cxd4 23. Rxc8 Rxc8 24. exd4 exd4 25. Rxd4 Ke6 26. Ra4 a6 27. Rb4 Rc7 28. Rd4 Rd7 29. Kf2 d5 30. exd5+ Rxd5 31. Ke3 Rxd4 32. Kxd4 Kd6 33. b4 b5 34. Ke4 Ke6 35. Kf3 h5 36. g3 Kf5 37. g4+ hxg4+ 38. hxg4+ Kf6 39. Ke4 Ke6 40. Kd4 Kd6 41. Ke4 Ke6 42. Kd4 Kd6 43. a3 Ke6 44. Ke4 Kf6 45. Kd4 Ke6 46. Ke4 Kf6 47. Kd4 Ke6 48. Ke4 Kf6 1/2-1/2

[Event "ROM-ch U10 Boys"]
[Site "Voineasa"]
[Date "2008.04.14"]
[Round "4"]
[White "Cimpean, Dorin Ionel"]
[Black "Olteanu, Sorin Gabriel"]
[Result "0-1"]
[WhiteElo "437"]
[BlackElo "401"]
[PlyCount "54"]
[EventDate "2008.04.08"]
[EventType "swiss"]
[EventRounds "9"]
[EventCountry "ROU"]
[SourceTitle "EXT 2013"]
[Source "ChessBase"]
[SourceDate "2012.11.22"]
[SourceVersion "1"]
[SourceVersionDate "2012.11.22"]
[SourceQuality "1"]

1. e4 e5 2. Nf3 Nc6 3. Bb5 f5 4. Bxc6 dxc6 5. Nc3 Nf6 6. exf5 Bxf5 7. 0-0 Bg4 8. d3 h6 9. Be3 Bd6 10. Qe2 0-0 11. Rad1 Nh5 12. h3 Bxf3 13. gxf3 Qh4 14. Kg2 Bc5 15. a3 a6 16. Ne4 Ba7 17. Rg1 Nf6 18. Ng3 Nd5 19. Kh2 Nf4 20. Bxf4 Rxf4 21. Rdf1 Raf8 22. Qxe5 Rxf3 23. Qe6+ Kh8 24. Qg4 Qxg4 25. hxg4 Bxf2 26. Rg2 Bxg3+ 27. Rxg3 Rxf1 0-1

[Event "ROM-ch U10 Boys"]
[Site "Voineasa"]
[Date "2008.04.13"]
[Round "2"]
[White "Ionica, Andrei"]
[Black "Olteanu, Sorin Gabriel"]
[Result "0-1"]
[WhiteElo "437"]
[BlackElo "401"]
[PlyCount "30"]
[EventDate "2008.04.08"]
[EventType "swiss"]
[EventRounds "9"]
[EventCountry "ROU"]
[SourceTitle "EXT 2013"]
[Source "ChessBase"]
[SourceDate "2012.11.22"]
[SourceVersion "1"]
[SourceVersionDate "2012.11.22"]
[SourceQuality "1"]

1. e4 e5 2. Bc4 Nf6 3. d3 h6 4. Nc3 Bc5 5. f4 d6 6. h3 0-0 7. f5 Nc6 8. Nf3 Nh5 9. Bd2 Nd4 10. Nxd4 Qh4+ 11. Kf1 Ng3+ 12. Kg1 Bxd4+ 13. Kh2 Nxh1 14. Qxh1 Bf2 15. Be1 Qg3# 0-1